00524 2200181 4500001002100000005001500021008004100036020002200077035001900099041000700118082001100125090001700136100002300153700002300176245009600199260003200295650001500327INLIS00000000000894520241224113733241224||||||||| | ||| |||| || |  a978-979-661-224-6 0010-1224008945 aid0 a720.22 a720.22 AND j0 aAndie A. Wicaksono0 aR.R Vicky Ariyanti00aJelajah Arsitektur Dunia : 20 Destinasi Favorit sebagai Alternatif Tujuan Wisata Arsitektur aJakartabGriya Kreasic2013 0aArsitektur